000 00205 a2200097 4500
001 28985
100 _aLevy M.J
245 _aThe structure of society
260 _a
_bPrinceton
_c
090 _c19376
_d19376
942 _aNUST-CAE
_cM
_c10420
999 _c264058
_d264058